Szláv jövevényszavaink I. Bevezetés és a külömböző rétegek kérdése

Bibliographic Details
Main Author: Asbóth, Oszkár (Author)
Format: Book
Language:Hungarian
PhysicalDescription:102 s. 23 cm
Published: Budapest Magyar Tudományos Akadémia 1907
Series:Értekezések a nyelv- és széptudományok köréből XX. köt. 3. szám

MARC

LEADER 00000nam a22000007a 4500
001 vtls011774023
003 SK-MaSNL
005 20260302091602.0
008 240318s1907 hu 00 0 hun
040 |a SNK  |b slo  |c SNK  |e AACR2 
041 0 |a hun 
044 |a hu 
100 1 |a Asbóth, Oszkár  |4 aut  |9 760298 
245 1 0 |a Szláv jövevényszavaink  |n I.  |p Bevezetés és a külömböző rétegek kérdése  |c Asbóth Oszkár 
246 1 0 |a Bevezetés és a külömböző rétegek kérdése 
260 |a Budapest  |b Magyar Tudományos Akadémia  |c 1907 
300 |a 102 s.  |c 23 cm 
490 0 |a Értekezések a nyelv- és széptudományok köréből  |v XX. köt.  |v 3. szám 
999 |c 1201307  |d 1203237 
952 |a SNK  |b SNK  |y VYP  |7 0  |p 17A1328163  |o snkSC 2893/3 D1  |0 0  |1 0  |4 0  |d 2018-08-22  |l 0  |r 2026-02-24 22:42:25  |w 2026-02-24 
952 |a SNK  |b SNK  |y VYP  |7 0  |p 17A1328164  |o snkSC 2893/3 D2  |i snkF 103/62  |8 5  |0 0  |1 0  |4 0  |d 2018-08-22  |l 0  |r 2026-02-24 22:42:25  |w 2026-02-24